| 000 -LEADER |
| fixed length control field |
00681cam a2200193 i 4500 |
| 003 - CONTROL NUMBER IDENTIFIER |
| control field |
OSt |
| 005 - DATE AND TIME OF LATEST TRANSACTION |
| control field |
20260416155539.0 |
| 008 - FIXED-LENGTH DATA ELEMENTS--GENERAL INFORMATION |
| fixed length control field |
180822s2018 sz a b 001 0 eng |
| 020 ## - INTERNATIONAL STANDARD BOOK NUMBER |
| International Standard Book Number |
9783035611885 |
| 042 ## - AUTHENTICATION CODE |
| Authentication code |
pcc |
| 050 00 - LIBRARY OF CONGRESS CALL NUMBER |
| Classification number |
NA2728 |
| Item number |
.B45 2018 |
| 082 04 - DEWEY DECIMAL CLASSIFICATION NUMBER |
| Classification number |
720.2840285536 |
| Edition number |
23 |
| 100 1# - MAIN ENTRY--PERSONAL NAME |
| Personal name |
Bernstein, Phillip |
| Fuller form of name |
(Phillip Gordon), |
| Dates associated with a name |
1957- |
| Relator term |
author. |
| 245 10 - TITLE STATEMENT |
| Title |
Architecture, design, data : |
| Remainder of title |
practice competency in the era of computation / |
| Statement of responsibility, etc |
Phillip G. Bernstein. |
| 300 ## - PHYSICAL DESCRIPTION |
| Extent |
199 pages : |
| Other physical details |
illustrations (chiefly color) ; |
| Dimensions |
24 cm |
| 504 ## - BIBLIOGRAPHY, ETC. NOTE |
| Bibliography, etc |
Includes bibliographical references (pages 188-192) and index. |
| 650 #0 - SUBJECT ADDED ENTRY--TOPICAL TERM |
| Topical term or geographic name as entry element |
Architectural design |
| General subdivision |
Data processing. |
| 942 ## - ADDED ENTRY ELEMENTS (KOHA) |
| Source of classification or shelving scheme |
|